LEADER 01011nam0-22002891i-450- 001 990000620290403321 005 20001010 035 $a000062029 035 $aFED01000062029 035 $a(Aleph)000062029FED01 035 $a000062029 100 $a20001010d--------km-y0itay50------ba 101 0 $aita 105 $ay-------001yy 200 1 $a<>RIPARTIZIONE TRASVERSALE PER GRAFICI PER TRAVI PRINCIPALI DOTATE DI ELEVATA RIGIDEZZA TORSIONALE,1963$fPAGANO M. 210 $aNapoli$cI.T.C.$d1963 300 $aAtti dell'Istituto di Tecnica delle Costruzioni dell'Università di Napoli. 610 0 $aAtti ed estratti di Università ed Istituti Universitari Italiani. 700 1$aPagano,$bMichele$01538 801 0$aIT$bUNINA$gRICA$2UNIMARC 901 $aBK 912 $a990000620290403321 952 $a07 U/1309$b$fDINSC 959 $aDINSC 996 $aRIPARTIZIONE TRASVERSALE PER GRAFICI PER TRAVI PRINCIPALI DOTATE DI ELEVATA RIGIDEZZA TORSIONALE,1963$9316333 997 $aUNINA DB $aING01 LEADER 01803nas 2200541-a 450 001 9910144811103321 005 20260218112142.0 011 $a1977-3374 035 $a(DE-599)ZDB2650861-8 035 $a(CKB)991042731891878 035 $a(CONSER)---95648340- 035 $a(DE-599)2650861-8 035 $a(DE-599)2965871-8 035 $a(EXLCZ)99991042731891878 100 $a19950328a19949999 -f- - 101 0 $aeng 135 $aurun||||||||| 181 $ctxt$2rdacontent 182 $cc$2rdamedia 183 $acr$2rdacarrier 200 00$aGeneral report on the activities of the European Union /$fEuropean Commission 210 $aBrussels $cEuropean Commission$d©1995- 215 $a1 online resource 311 08$aPrint version: 1608-7321 (DLC) 95648340 (OCoLC)32213873 517 1 $aGen. rep. EU 517 1 $aGeneral report 531 0 $aGen. rep. act. Eur. Union 606 $aUnion européenne$vPériodiques 606 $aECONOMIC INTEGRATION$2unbist 606 $aREGIONAL COOPERATION$2unbist 606 $aEUROPE$2unbist 606 $aACTIVITIES$2unbist 607 $aPays de l'Union européenne$xRelations économiques extérieures$vPériodiques 607 $aPays de l'Union européenne$xPolitique sociale$vPériodiques 607 $aPays de l'Union européenne$xPolitique économique$vPériodiques 608 $aPeriodicals.$2fast 608 $aPeriodicals.$2lcgft 615 6$aUnion européenne 615 17$aECONOMIC INTEGRATION. 615 17$aREGIONAL COOPERATION. 615 17$aEUROPE. 615 27$aACTIVITIES. 712 02$aEuropean Commission. 906 $aJOURNAL 912 $a9910144811103321 920 $aexl_impl conversion 996 $aGeneral report on the activities of the European Union$92161282 997 $aUNINA